NBA 2008 Playoffs Starters - Statistics

General Stats
  • This quiz has been taken 821 times
    771 since last reset
  • The average score is 45 of 80
Answer Stats
Team Player % Correct
Celtics Kevin Garnett
97%
Lakers Kobe Bryant
97%
Celtics Paul Pierce
97%
Celtics Ray Allen
96%
Cavaliers LeBron James
95%
Celtics Rajon Rondo
94%
Spurs Tim Duncan
93%
Raptors Anthony Parker
92%
Magic Dwight Howard
92%
Mavericks Josh Howard
92%
Lakers Pau Gasol
92%
Spurs Tony Parker
92%
Cavaliers Ben Wallace
91%
Pistons Rasheed Wallace
91%
Suns Steve Nash
91%
Nuggets Allen Iverson
88%
Pistons Chauncey Billups
88%
Mavericks Dirk Nowitzki
88%
Nuggets Carmelo Anthony
87%
Celtics Kendrick Perkins
87%
Lakers Derek Fisher
86%
Rockets Tracy McGrady
85%
Suns Amar'e Stoudemire
82%
Jazz Deron Williams
80%
Hawks Marvin Williams
80%
Pistons Richard Hamilton
80%
Hornets Chris Paul
75%
Mavericks Jason Kidd
75%
Hawks Joe Johnson
75%
Hawks Josh Smith
75%
Cavaliers Zydrunas Ilgauskas
74%
Raptors Chris Bosh
69%
Suns Shaquille O'Neal
69%
Pistons Tayshaun Prince
68%
Hornets Tyson Chandler
67%
Hawks Al Horford
62%
76ers Andre Iguodala
61%
Hornets David West
60%
Cavaliers Delonte West
60%
Lakers Lamar Odom
59%
Jazz Carlos Boozer
58%
Magic Hedo Turkoglu
58%
Mavericks Jason Terry
57%
Spurs Bruce Bowen
55%
Jazz Andrei Kirilenko
53%
Wizards Antawn Jamison
50%
Magic Rashard Lewis
50%
Nuggets Marcus Camby
43%
Nuggets Kenyon Martin
42%
76ers Willie Green
41%
76ers Andre Miller
39%
Wizards Caron Butler
39%
Hornets Peja Stojakovic
39%
Suns Boris Diaw
38%
Jazz Mehmet Okur
35%
Rockets Dikembe Mutombo
34%
Spurs Michael Finley
32%
Rockets Shane Battier
31%
Rockets Luis Scola
30%
Raptors Andrea Bargnani
29%
Hawks Mike Bibby
28%
76ers Thaddeus Young
27%
Spurs Fabricio Oberto
26%
Magic Rafer Alston
26%
Rockets Rafer Alston
26%
Suns Raja Bell
26%
76ers Samuel Dalembert
23%
Pistons Antonio McDyess
22%
Wizards DeShawn Stevenson
19%
Hornets Morris Peterson
18%
Wizards Brandan Haywood
17%
Mavericks Erick Dampier
17%
Jazz Ronnie Brewer
12%
Raptors T.J. Ford
12%
Lakers Vladimir Radmanovic
12%
Wizards Antonio Daniels
11%
Raptors Jamario Moon
8%
Cavaliers Wally Szczerbiak
8%
Magic Maurice Evans
7%
Nuggets Linas Kleiza
5%
No matching quizzes found
Score Distribution
Percent of People with Each Score
Percentile by Number Answered
Your Score History
You have not taken this quiz since the last reset